<?xml version="1.0" encoding="UTF-8"?>
<collection xmlns="http://www.loc.gov/MARC21/slim">
 <record>
  <leader>00655pamaa2200193   4500</leader>
  <controlfield tag="001">0000020520</controlfield>
  <controlfield tag="005">20060524090000.0</controlfield>
  <datafield tag="020" ind1="0" ind2="0">
   <subfield code="a">0394743989 </subfield>
  </datafield>
  <datafield tag="082" ind1=" " ind2=" ">
   <subfield code="a">973.0496073 LIT 1979</subfield>
  </datafield>
  <datafield tag="090" ind1="0" ind2="0">
   <subfield code="a">E185.2 </subfield>
   <subfield code="b">LIT 1979</subfield>
  </datafield>
  <datafield tag="100" ind1="1" ind2="0">
   <subfield code="a">LITWACK </subfield>
  </datafield>
  <datafield tag="245" ind1="1" ind2="0">
   <subfield code="a">Been in the storm so long : </subfield>
   <subfield code="b">the aftermath of slavery  </subfield>
   <subfield code="c">Leon F. Litwack.</subfield>
  </datafield>
  <datafield tag="260" ind1="0" ind2="0">
   <subfield code="a">New York: </subfield>
   <subfield code="b">Vintage Books, </subfield>
   <subfield code="c">1979.</subfield>
  </datafield>
  <datafield tag="300" ind1=" " ind2=" ">
   <subfield code="a">xvi, 651p.; </subfield>
   <subfield code="c">24cm.</subfield>
  </datafield>
  <datafield tag="650" ind1="0" ind2="0">
   <subfield code="a">Afro-Americans -- </subfield>
   <subfield code="x">History -- </subfield>
   <subfield code="y">1863-1877 </subfield>
  </datafield>
  <datafield tag="650" ind1="0" ind2="0">
   <subfield code="a">Reconstruction </subfield>
  </datafield>
  <datafield tag="650" ind1="0" ind2="0">
   <subfield code="a">Afro-Americans -- </subfield>
   <subfield code="x">History -- </subfield>
   <subfield code="z">Southern States </subfield>
  </datafield>
  <datafield tag="651" ind1="0" ind2="0">
   <subfield code="a">Southern States -- </subfield>
   <subfield code="x">History -- </subfield>
   <subfield code="y">1865-1877 </subfield>
  </datafield>
  <datafield tag="651" ind1="0" ind2="0">
   <subfield code="a">Southern States -- </subfield>
   <subfield code="x">Social conditions </subfield>
  </datafield>
 </record>
</collection>
